000 00587nam a2200193Ia 4500
005 20260120132013.0
008 008 260114s9999 xx 000 0 eng d
020 _a9781383043402
037 _aEBOOK
040 _aCRL
_beng
_cCRL
041 _aeng
_2eng
084 _qCRL
100 _aTurner
_9933784
245 4 _aThe English Renaissance Stage: Geometry, Poetics, and the Practical Spatial Arts 1580-1630
260 _bOxford University PressOxford University Press
_c2023
856 _uhttps://academic.oup.com/book/48884
942 _cEBOOK
999 _c1525707
_d1525707